| 000 | 00761nam a2200241Ii 4500 | ||
|---|---|---|---|
| 003 | JO-AjNU | ||
| 008 | 230605s9999||||xx |||||||||||||| ||und|| | ||
| 017 | _a1995/7958 | ||
| 020 | _a977-02-5019-8 | ||
| 040 |
_aJO-AjNU _bara _erda _cJO-AjNU |
||
| 041 | _aara | ||
| 050 | 1 | 4 | _aPJ6696.B3 1997 |
| 100 | 3 |
_aتحقيق صقر، أحمد, _eauthor _913210 |
|
| 245 | 0 | 0 | _aإعجاز القرآن للباقلاني أبي بكر أحمد بن طيب |
| 250 | _aط5 | ||
| 264 | 3 | 1 | _aالقاهرة: دار المعارف،1997 |
| 300 | _a393ص | ||
| 336 |
_atext _btxt _2rdacontent |
||
| 337 |
_aunmediated _bn _2rdamedia |
||
| 338 |
_avolume _bnc _2rdacarrier |
||
| 490 | 0 | _aذخائر العرب 12 | |
| 650 | 4 |
_aالقرآن الكريم - إعجاز _913211 |
|
| 999 |
_aA3228 _c6796 _d6796 |
||